000 00618nam a22001937a 4500
005 20251108170828.0
008 250721s9999 xx 000 0 ara d
082 1 4 _aط/646/شار
100 1 _aالشاروني، يعقوب
245 1 0 _aطفولة كل شيء :
_bالنسيج و الثياب /
264 1 _aالقاهرة :
_bالدار المصرية اللبنانية،
490 0 _aالاقتصاد المنزلي
650 1 7 _aالملا بس
650 1 7 _aلتطور
650 1 7 _aالغزل
653 _aاطفال مرحلة متوسطة (6-9) سنوات
942 _2ddc
_cBK
999 _c49972
_d49972